| LEADER |
01020nam0a2200205 450 |
| 001 |
16868236 |
| 010 |
|
|
|a 978-2-258-10298-9Â
|b br.Â
|d 20 €Â
|
| 100 |
|
|
|a 20151006d2015 u u0frey01 baÂ
|
| 101 |
0 |
|
|a freÂ
|
| 102 |
|
|
|a FRÂ
|
| 200 |
0 |
|
|a Ames obscures (Les)Â
|f Jacques MazeauÂ
|
| 207 |
|
1 |
|a Â
|
| 210 |
|
|
|a ParisÂ
|b 8 rue Garancière.Â
|c Presses de la CitéÂ
|d 2015Â
|
| 215 |
|
|
|a 333 p.Â
|d 23 x 14 cmÂ
|
| 225 |
1 |
|
|a Romans Terres de FranceÂ
|
| 330 |
|
|
|a A Millau, Céline, jeune avocate parisienne, est obligée de renouer avec ses racines pour retrouver son père disparu. Elle fait dans la bergerie de celui-ci des découvertes étonnantes, y retrouve sa famille et rencontre David, un flic venu de la capitale pour résoudre d'autres disparitions. Dans cette affaire, l'absurde côtoie l'horreur, et pour Céline, la figure paternelle est largement ébranlée.Â
|
| 700 |
|
0 |
|a MazeauÂ
|b JacquesÂ
|4Â 70Â
|
| 900 |
|
|
|a RomanÂ
|
| 901 |
|
|
|a AdultesÂ
|
| 995 |
|
|
|a MédiathèqueÂ
|c MédiathèqueÂ
|f 00156011009446Â
|h 00156011009446Â
|k R MAZÂ
|o pÂ
|q aÂ
|r azÂ
|e MédiathèqueÂ
|